| 000 | 02049nam a22002537a 4500 | ||
|---|---|---|---|
| 003 | OSt | ||
| 005 | 20210302085906.0 | ||
| 008 | 210302s1977 ck ||||gr|||| 00| 0 spa d | ||
| 040 |
_aCO-JMCR _cCO-JMCR |
||
| 041 | 0 | _aspa | |
| 082 | 0 | 4 |
_a335.433 / _bN935l _223 |
| 100 | 1 |
_aNovack, George, _eautor _914205 |
|
| 245 | 1 | 3 |
_aLa ley del desarrollo desigual y combinado / _cGeorge Novack, León Trotsky, Nahuel Moreno |
| 260 |
_aBogotá : _bEditorial Pluma, _c1977 |
||
| 300 |
_a122 páginas ; _c17 cm. |
||
| 505 | 0 | _aLa ley del desarrollo desigual y combinado en la sociedad por George Novack -- El curso desigual de la historia -- El desarrollo combinado y sus consecuencias -- Particularidades en el desarrollo de Rusia por León Trotsky -- La ley del desarrollo desigual y combinado por Nahuel Moreno | |
| 520 | 3 | _aPor primera vez Editorial Pluma reúne en un solo libro una visión sistematizada de la ley del desarrollo desigual y combinado que, para Nahuel Moreno, es "la más importante descubierta por el marxismo y la ciencia moderna, como teoría que unifica las leyes genéticas y estructurales". Publicamos en primer lugar el trabajo de George Novack por su carácter general y sistematizado. Luego, en el capítulo particularidades del desarrollo de Rusia, encontramos la formulación que se descubridor, León Trotsky, dio a la ley al aplicarla a su estudio de las características y dinámica histórica de Rusia antes de la Revolución de 1917. Por último, el capítulo de Nahuel Moreno, partiendo de la crítica al enfoque estructuralista al marxismo de Althusser y Godelier, investiga los antecedentes de esta teoría en Marx y la explicitación de Trotsky, completándolo con los puntos de vista de Piaget sobre el surgimiento de lo nuevo. | |
| 650 | 1 | 4 |
_aMaterialismo dialéctico _91915 |
| 650 | 2 | 4 |
_aDesarrollo económico _xcrítica e interpretación _914206 |
| 650 | 2 | 4 |
_aCapitalismo _xcrítica e interpretación _914207 |
| 700 | 1 |
_aTrotsky, León, _eautor _914208 |
|
| 700 | 1 |
_aMoreno, Nahuel, _eautor _914209 |
|
| 942 |
_2ddc _cBK |
||
| 999 |
_c7399 _d7399 |
||